000 00258nam a22001097a 4500
008 170117b xxu||||| |||| 00| 0 eng d
020 _a9780763759346
041 _aeng
080 _a618.2
245 _aCCRN CERTIFICATION REVIEW
_cBRORSEN, A.J
942 _2udc
_cBK
999 _c3011
_d3011